000 00548nam a22001937a 4500
003 BUBTL
008 160207b xxu||||| |||| 00| 0 eng d
020 _a978-81-8147-642-5
082 _222
_a621.3845
100 _9332
_aZaho,Feng/ Guibas, Leonidas
245 _aWireless Sensor Networks
260 _aAmsterdam
_bElsevier
_cc2004
300 _a[xvii],358p.
_c24cm
650 0 _9333
_aEEE
700 _9334
_aZaho,Feng/ Guibas, Leonidas
856 _k0
_l0
_yDownload
942 _2ddc
_cBK
999 _c5143
_d5143